000 01953nac a2200277 a 4500
003 CO-PeBPM
005 20250129142745.0
007 ta
008 250129s2010 ck ||||g |||| 00| | spa d
020 _aISBN: 9788408092827
040 _aCO-PeBPM
_bspa
_cCO-PeBPM
_erda
041 _aspa
082 0 4 _a576.839 I34u
_222
100 1 0 _aImpey, Chris
_eautor
245 1 0 _a Una historia del cosmos
_b: La búsqueda de vida en el universo desde el inicio de los tiempo
_c / Chris Impey ; traducción de Dulcinea Otero-Piñeiro.
250 _aPrimera edición
260 _aBarcelona, España
_b: Planeta
_c, 2010
300 _a598 páginas
_bIlustraciones en blanco y negro
_c23 centímetros
500 _aIncluye índice y glosario
520 _a«Hay infinitos mundos similares y diferentes del nuestro. Debemos creer que en todos los mundos hay criaturas y plantas, y otras cosas que vemos en este mundo.» Epuciro (341-270 a. J. C.) en una carta a Herodoto Todo lo que hemos aprendido sobre el Universo nos indica que no debemos pensar que somos especiales. Nuestra estrella es una de las miles de millones que pueblan la Galaxia. El proceso de formación estelar conduce de manera natural a la aparición de planetas rocosos. El agua y el carbono abundan en el Universo. Pero la Tierra presenta unas características que le otorgan unas bondades especiales para la biología y para su evolución hacia organismos grandes y complejos. El libro es un ensayo serio, que empieza con un repaso a los científicos que se dedicaron al estudio del cosmos a lo largo de la historia y termina preguntándose si puede haber otros seres inteligentes en el Universo. Se lee con la facilidad con la que se lee una novela y es perfecto para el que no sepa nada de la materia.
650 1 4 _aAstrobiología
_2LEMB
650 1 4 _aOrigen de la vida
_2LEMB
650 1 4 _aVida en otros planetas
700 1 4 _aOtero-Piñeiro, Dulcinea
_etraductor
942 _2ddc
_cBK
_n0
999 _c60451
_d60451